Erté graphics: five complete suites reproduced in full color

Bewaard in:
Bibliografische gegevens
Hoofdauteur: Estorick, Salome (Auteur)
Formaat: Boek
Taal:Engels
Frans
Gepubliceerd in: Nueva York Dover 1978
Onderwerpen:
Tags: Voeg label toe
Geen labels, Wees de eerste die dit record labelt!

MARC

LEADER 00000nam a2200000 a 4500
001 UCO4886
003 CL-VaPUC
008 000825e19780000US |||||||||||||||||eng|d
041 0 7 |a eng  |2 CL-VaPUC 
041 0 7 |a fre  |2 CL-VaPUC 
082 0 4 |a 763  |b EST  |2 21 
100 0 |a Estorick, Salome  |e author  |9 449553 
245 1 0 |a Erté graphics: five complete suites reproduced in full color 
246 1 0 |a Erté: cinq suites de lithographies 
300 |a 46 p 
942 |c BK 
945 |d 20000825 00:00:00  |a crobeson 
260 |a Nueva York  |b Dover  |c 1978 
600 0 7 |a ERTE  |2 CL-VaPUC  |9 449554 
650 7 |a LITOGRAFIA  |2 CL-VaPUC  |9 266187 
650 0 |a Ilustraciones  |9 369481 
650 0 |a Artistas rusos   |9 449555 
583 |a last modification  |c 20000825 00:00:00  |k Rodrigo Vera 
999 |c 290851  |d 290849